Statistics for Guess the YouTuber's name

Click here to take the quiz!

General Stats

  • This quiz has been taken 28 times
  • The average score is 3 of 12

Answer Stats

HintAnswer% Correct
PopularmmosPat
43%
DanTDMDaniel Middleton
43%
Nigahiga (The original creator not his gang)Ryan Higa
43%
Smosh 1Anthony Padilla
33%
PewdiepieFelix Kjellberg
29%
JellyJelle
29%
Smosh 2Ian Hecox
29%
CaptainSparklezJordan Maron
24%
JacksepticeyeSean McLoughlin
19%
SlogomanJosh
19%
MarkiplierMark Fischbach
14%
SSundeeIan Stapleton
10%

Score Distribution

Percentile by Number Answered

Percent of People with Each Score

Your Score History

You have not taken this quiz